=LDR 00000nam 2200000 4500 =001 INLIS000000000049477 =005 20170222141910.0 =006 =007 =008 =020 ##$$a 978.602.7686.00-7 =035 ##$$0010-021700000000269 =040 ##$$a NBPDMAT =082 ##$$a 419.431 =090 ##$$a 419.431$bErw u =100 ##$$a Erwan Husnan, Lalu =245 ##$$a Ungkapan tradisional masyarakat Sasak $c / Lalu Erwan Husnan; Editor, Ahmad Sirulhaq, M.A. =250 ##$$a Cet. 1 =260 ##$$a Selong $b KSU Primaguna $c 2012 =300 ##$$a vii, 60 hlm. ; $c 22 cm =500 ##$$a Bibliografi hlm : 53 - 59 =650 ##$$a Bahasa Sasak - Ungkapan dan Istilah =700 ##$$a Ahmad Sirulhaq, MA =850 ##$$a NBPDMAT =990 ##$$a 21604035 =990 ##$$a 21604036 =990 ##$$a 21604037 =990 ##$$a 21604038 =990 ##$$a 21604039 =990 ##$$a 109/26/2017 =990 ##$$a 21604036 =990 ##$$a 21604037 =990 ##$$a 21604038 =990 ##$$a 21604039 =990 ##$$a 109/26/2017 =990 ##$$a 109/26/2017 =990 ##$$a 21604037 =990 ##$$a 21604038 =990 ##$$a 21604039 =990 ##$$a 109/26/2017 =990 ##$$a 109/26/2017 =990 ##$$a 109/26/2017 =990 ##$$a 21604038 =990 ##$$a 21604039 =990 ##$$a 109/26/2017 =990 ##$$a 109/26/2017 =990 ##$$a 109/26/2017 =990 ##$$a 109/26/2017 =990 ##$$a 21604039 =990 ##$$a 109/26/2017 =990 ##$$a 109/26/2017 =990 ##$$a 109/26/2017 =990 ##$$a 109/26/2017 =990 ##$$a 109/26/2017